Advertisement control (Record no. 66749)
[ view plain ]
| 000 -LEADER | |
|---|---|
| fixed length control field | 00980cam a2200205 4500 |
| 001 - CONTROL NUMBER | |
| control field | WB3715-23 |
| 008 - FIXED-LENGTH DATA ELEMENTS--GENERAL INFORMATION | |
| fixed length control field | 000000n2001 000 0 eng u |
| 035 ## - SYSTEM CONTROL NUMBER | |
| System control number | (Sirsi) u112084 |
| 245 ## - TITLE STATEMENT | |
| Title | Advertisement control |
| 260 ## - PUBLICATION, DISTRIBUTION, ETC. | |
| Date of publication, distribution, etc. | 2001 |
| 490 ## - SERIES STATEMENT | |
| Series statement | Estates Gazette Case Summaries |
| Volume/sequential designation | [2001] EGCS 49(1) (14/04/01) |
| 520 ## - SUMMARY, ETC. | |
| Summary, etc. | "Kensington and Chelsea Royal LBC v Harvey Nichols & Co Ltd and others", QBD 30 March 2001, which examined whether planning permission was required for advertising placed on a PVC shroud attached to scaffolding surrounding a department store or whether the advertising was incorporated into the fabric of the building. Council's application for an injunction allowed. |
| 590 ## - LOCAL NOTE (RLIN) | |
| Local note | WB |
| 650 ## - SUBJECT ADDED ENTRY--TOPICAL TERM | |
| Topical term or geographic name entry element | ADVERTISEMENT CONTROL |
| 650 ## - SUBJECT ADDED ENTRY--TOPICAL TERM | |
| Topical term or geographic name entry element | PLANNING PERMISSION |
| 650 ## - SUBJECT ADDED ENTRY--TOPICAL TERM | |
| Topical term or geographic name entry element | KENSINGTON AND CHELSEA LBC V HARVEY NICHOLS AND CO LTD AND OTHERS |
| 650 ## - SUBJECT ADDED ENTRY--TOPICAL TERM | |
| Topical term or geographic name entry element | SCAFFOLDING |
| 690 ## - LOCAL SUBJECT ADDED ENTRY--TOPICAL TERM (OCLC, RLIN) | |
| Topical term or geographic name as entry element | ENVIRONMENTAL AND LAND CONSULTANCY-PLANNING AND DEVELOPMENT |
| 942 ## - ADDED ENTRY ELEMENTS (KOHA) | |
| Suppress in OPAC | 0 |
| Withdrawn status | Lost status | Source of classification or shelving scheme | Damaged status | Not for loan | Home library | Current library | Shelving location | Date acquired | Total Checkouts | Full call number | Barcode | Date last seen | Copy number | Price effective from | Koha item type |
|---|---|---|---|---|---|---|---|---|---|---|---|---|---|---|---|
| Dewey Decimal Classification | London | London | News article | 19/04/2001 | WB3715-23 | 112084-1001 | 06/08/2019 | 1 | 06/08/2019 | News article |